The Role of Mitochondria, Oxidative Stress and Altered Calcium Homeostasis in Amyotrophic Lateral Sclerosis: From Current Developments in the Laboratory to Clinical Treatments (Record no. 17183)
[ view plain ]
| 000 -LEADER | |
|---|---|
| fixed length control field | 00813nam a2200133Ia 4500 |
| 008 - FIXED-LENGTH DATA ELEMENTS--GENERAL INFORMATION | |
| fixed length control field | 220615s9999||||xx |||||||||||||| ||und|| |
| 022 ## - INTERNATIONAL STANDARD SERIAL NUMBER | |
| International Standard Serial Number | 16648714 |
| 100 ## - MAIN ENTRY--PERSONAL NAME | |
| Personal name | Manoj Kumar Jaiswal |
| 245 #4 - TITLE STATEMENT | |
| Title | The Role of Mitochondria, Oxidative Stress and Altered Calcium Homeostasis in Amyotrophic Lateral Sclerosis: From Current Developments in the Laboratory to Clinical Treatments |
| 546 ## - LANGUAGE NOTE | |
| Language note | English[eng] |
| 650 ## - SUBJECT ADDED ENTRY--TOPICAL TERM | |
| Topical term or geographic name entry element | Mitochondria||neurodegenerative disease||Ca2+ signaling||multidrug therapy||Amyotrophic lateral sclerosis (ALS)||Superoxide dismutase 1 (SOD1)||Motor neuron disease (MND)||excitotoxicity||Riluzole||multifactorial disease |
| 856 ## - ELECTRONIC LOCATION AND ACCESS | |
| Uniform Resource Identifier | <a href="http://journal.frontiersin.org/researchtopic/1909/the-role-of-mitochondria-oxidative-stress-and-altered-calcium-homeostasis-in-amyotrophic-lateral-scl">http://journal.frontiersin.org/researchtopic/1909/the-role-of-mitochondria-oxidative-stress-and-altered-calcium-homeostasis-in-amyotrophic-lateral-scl</a> |
| 942 ## - ADDED ENTRY ELEMENTS (KOHA) | |
| Koha item type | E-Books |
| Withdrawn status | Lost status | Damaged status | Not for loan | Home library | Current library | Date acquired | Total Checkouts | Date last seen | Price effective from | Koha item type |
|---|---|---|---|---|---|---|---|---|---|---|
| Kerala University of Digital Sciences, Innovation and Technology Knowledge Centre | Kerala University of Digital Sciences, Innovation and Technology Knowledge Centre | 15/06/2022 | 15/06/2022 | 15/06/2022 | E-Books |